| 000 | 00395nam a22001217a 4500 | ||
|---|---|---|---|
| 999 |
_c10200 _d10200 |
||
| 003 | OSt | ||
| 008 | 201218b ||||| |||| 00| 0 eng d | ||
| 245 | _aIEEMA Journal | ||
| 250 | _a2010(Oct Vol.2 No.2, Nov Vol.2 No.3) 2011(Jan Vol.2 No.5) | ||
| 260 |
_aMumbai _bIndian Electrical and Electronics Manufacturers Association |
||
| 650 | _aElectronics and Communication Engineering | ||
| 942 |
_2ddc _cBV |
||